Haltestellen der Mainzer Straßenbahn - Statistiken

Allgemein
  • Dieses Quiz wurde 171 mal gespielt
  • Das Durchschnittsergebnis liegt bei 26 aus 60
Antwortstatistiken
Linie Antwort % Korrekt
50, 52, 53 Schillerplatz
89%
50, 52, 53 Münsterplatz
84%
51, 53, 59 Universität
81%
alle Hbf
80%
50, 52, 53 Pariser Tor
78%
51-53, 59 Hbf West
73%
50, 52, 53 Am Gautor
69%
50, 51, 59 Goethestraße
64%
50, 52, 53 Kurmainz Kaserne
60%
51, 53, 59 Friedrich-von-Pfeiffer-Weg
59%
51, 53, 59 Hochschule
59%
51, 53 ZDF
59%
50, 52, 53 An der Philippsschanze
56%
50, 51, 59 Bismarckplatz
56%
51, 53, 59 Kisselberg
56%
50, 51, 59 Lessingstraße
56%
50, 53 Mühldreieck
56%
50, 51 Schott AG
56%
51 Poststraße
54%
59 Zollhafen
54%
50, 53 Bürgerhaus
53%
50, 52, 53 Berliner Straße
52%
50, 52, 53 Jägerhaus
51%
51, 53 Hindemithstraße
50%
50 Römerquelle
50%
52 Am Schinnergraben
44%
51, 53, 59 Arena
43%
52 Bahnstraße
43%
52 Agentur für Arbeit
41%
59 Straßenbahnamt
41%
50, 53 Carl-Zeiss-Straße
39%
50, 51 Elbestraße
37%
51, 53 Marienborn Bahnhof
37%
52 Römersteine
37%
51, 53 Hildegard-von-Bingen-Straße
36%
50, 51 Zwerchallee
36%
52 Hauptfriedhof
35%
51, 53 Südring
34%
51, 53 Ludwig-Nauth-Straße
33%
51, 53 Wilhelm-Quetsch-Straße
33%
52 Zahlbach
33%
50, 51 Turmstraße
32%
50, 53 Birkenstraße
30%
50, 51 Gonsbachgärten
27%
51, 53 Im Borner Grund
27%
51, 53 VRM
27%
51, 53 Hans-Böckler-Straße
26%
50, 53 Dornsheimer Weg
25%
50 Jupiterweg
23%
50, 51 Hugo-Eckener-Straße
22%
50, 51 Kapellenstraße
22%
52 Büdinger Straße
21%
50, 51 Gemarkungsgrenze
21%
50, 51 An der Bruchspitze
20%
52 Lindenmühle
20%
50, 51 Viermorgenweg
19%
51, 53 Wiesenstraße
18%
50, 51 Nerotalstraße
17%
50, 51 Josef-Ludwig-Platz
15%
51 Königsborn
15%
Keine übereinstimmenden Quizze gefunden
Verteilung der Resultate
Anzahl Personen mit jedem Resultat
Perzentil nach korrekt beantworteten Fragen
Ihre Resultats-Entwicklung
Sie haben dieses Quiz noch nicht gespielt